Statistics for US States with the Most Superfund Sites

Click here to take the quiz!

General Stats

  • This quiz has been taken 40 times
  • The average score is 11 of 15

Answer Stats

# of SitesState% Correct
86New York
93%
98California
89%
38Ohio
89%
53Texas
89%
39Indiana
85%
45Illinois
81%
65Michigan
78%
95Pennsylvania
78%
54Florida
74%
114New Jersey
74%
33Massachusetts
67%
33Missouri
67%
39North Carolina
63%
37Wisconsin
59%
51Washington
52%

Score Distribution

Percentile by Number Answered

Percent of People with Each Score

Your Score History

You have not taken this quiz